00336nam a2200133Ia 4500008004100000020001500041041001200056082001600068100001600084245006100100260002500161300000800186650000800194221030s9999 xx 000 0 und d a8120321707 aEnglish a105.23bUla aF. T. Ulaby 0aFundamentals Of Applied Electromagneticscby F. T. Ulaby bPHIaNew Delhic2001 a433 aEMT